[Event "Oakville Winter op U2100"]
[Site "Oakville"]
[Date "2019.01.27"]
[Round "5.15"]
[White "Gunapalan, David"]
[Black "Xiang, Christopher"]
[Result "0-1"]
[WhiteElo "2012"]
[BlackElo "1700"]
[PlyCount "52"]
[EventDate "2019.01.25"]
[EventType "swiss"]
[EventRounds "5"]
[EventCountry "CAN"]
[SourceTitle "EXT 2022"]
[Source "ChessBase"]
[SourceDate "2021.10.06"]
[SourceVersion "1"]
[SourceVersionDate "2021.10.06"]
[SourceQuality "1"]

1. e4 c5 2. Nc3 d6 3. f4 g6 4. Bc4 Bg7 5. Nf3 e6 6. 0-0 Ne7 7. d3 Nbc6 8. Qe1 Nd4 9. Nxd4 cxd4 10. Bb5+ Bd7 11. Bxd7+ Qxd7 12. Ne2 Rc8 13. f5 gxf5 14. exf5 Nxf5 15. Rxf5 exf5 16. Nf4+ Qe7 17. Qg3 Be5 18. Bd2 Kd7 19. Qf3 Rb8 20. Nd5 Qe6 21. Re1 Qg6 22. Bf4 Rhe8 23. Qf2 Bxf4 24. Nxf4 Rxe1+ 25. Qxe1 Qf6 26. Qa5 Qe5 0-1

[Event "Oakville Winter op U2100"]
[Site "Oakville"]
[Date "2019.01.26"]
[Round "3.12"]
[White "Gunapalan, David"]
[Black "Huang, Youhe"]
[Result "0-1"]
[WhiteElo "2012"]
[BlackElo "1941"]
[PlyCount "96"]
[EventDate "2019.01.25"]
[EventType "swiss"]
[EventRounds "5"]
[EventCountry "CAN"]
[SourceTitle "EXT 2022"]
[Source "ChessBase"]
[SourceDate "2021.10.06"]
[SourceVersion "1"]
[SourceVersionDate "2021.10.06"]
[SourceQuality "1"]

1. e4 c5 2. Nc3 Nc6 3. Bb5 Nd4 4. Bc4 e6 5. Nge2 g6 6. Nxd4 cxd4 7. Nb5 Qb6 8. a4 a6 9. Na3 d6 10. 0-0 Ne7 11. Qe2 Bg7 12. d3 0-0 13. Bb3 Qc7 14. Bf4 e5 15. Bg5 h6 16. Bxe7 Qxe7 17. Nc4 Be6 18. Nb6 Rad8 19. Bd5 Kh7 20. a5 Bxd5 21. Nxd5 Qe6 22. Ra4 f5 23. f3 h5 24. Rc4 Rd7 25. Qe1 Rff7 26. Qb4 Bh6 27. Qb6 f4 28. Ra1 Bg5 29. Rc8 Rg7 30. Ra4 Rg8 31. Rxg8 Qxg8 32. Rc4 Bd8 33. Qb4 Qe6 34. Rc8 g5 35. Rxd8 Rxd8 36. Qxb7+ Kh8 37. Qxa6 g4 38. Qb7 gxf3 39. Qe7 Qg8 40. Qf6+ Kh7 41. Qf5+ Kh6 42. Qh3 Rc8 43. Qxf3 Rxc2 44. b4 Rc1+ 45. Kf2 Qc8 46. h4 Qc2+ 47. Qe2 Qb1 48. a6 Rc2 0-1

[Event "Outaouais op (TORO)"]
[Site "Gatineau"]
[Date "2015.06.07"]
[Round "5"]
[White "Gunapalan, David"]
[Black "Palsson, Halldor Peter"]
[Result "1/2-1/2"]
[WhiteElo "1902"]
[BlackElo "2108"]
[PlyCount "69"]
[EventDate "2015.06.05"]
[EventType "swiss"]
[EventRounds "5"]
[EventCountry "CAN"]
[SourceTitle "EXT 2019"]
[Source "ChessBase"]
[SourceDate "2018.10.10"]
[SourceVersion "1"]
[SourceVersionDate "2018.10.10"]
[SourceQuality "1"]

1. e4 e6 2. Nc3 d5 3. Nf3 Nf6 4. e5 Nfd7 5. d4 c5 6. dxc5 Bxc5 7. Bd3 Nc6 8. Qe2 a6 9. a3 Qc7 10. Bf4 Nd4 11. Nxd4 Bxd4 12. 0-0 Bxe5 13. Nxd5 exd5 14. Bxe5 Nxe5 15. Rfe1 f6 16. f4 0-0 17. fxe5 Be6 18. Kh1 f5 19. Rf1 Rae8 20. c3 Re7 21. Rae1 Ref7 22. Qe3 Re7 23. Qd4 Ref7 24. Rf4 Rc8 25. Ref1 g6 26. h4 Qe7 27. R1f3 Rg7 28. Rg3 Rf8 29. Bc2 Qf7 30. a4 Rc8 31. Bb3 h6 32. Rd3 Rd8 33. c4 g5 34. hxg5 hxg5 35. Rff3 1/2-1/2

[Event "Outaouais op (TORO)"]
[Site "Gatineau"]
[Date "2015.06.06"]
[Round "2"]
[White "Sadeghi, Saeid"]
[Black "Gunapalan, David"]
[Result "0-1"]
[WhiteElo "2085"]
[BlackElo "1902"]
[PlyCount "68"]
[EventDate "2015.06.05"]
[EventType "swiss"]
[EventRounds "5"]
[EventCountry "CAN"]
[SourceTitle "EXT 2019"]
[Source "ChessBase"]
[SourceDate "2018.10.10"]
[SourceVersion "1"]
[SourceVersionDate "2018.10.10"]
[SourceQuality "1"]

1. d4 d5 2. Nf3 c5 3. e3 Nf6 4. b3 cxd4 5. exd4 Nc6 6. Bb2 Bg4 7. Be2 e6 8. 0-0 Bd6 9. Nbd2 Rc8 10. Ne5 Bxe2 11. Qxe2 0-0 12. Ndf3 h6 13. c4 Re8 14. Rac1 Qa5 15. a3 Qa6 16. Qd1 Red8 17. c5 Bxe5 18. dxe5 Nd7 19. Re1 Na5 20. Nd2 Nxc5 21. Rxc5 Rxc5 22. Ne4 Rb5 23. b4 Nc4 24. Bc1 Qc6 25. Bxh6 gxh6 26. Nf6+ Kf8 27. Qh5 d4 28. Qxh6+ Ke7 29. Qg5 d3 30. Ng8+ Kd7 31. Qe7+ Kc8 32. Qxf7 Qd7 33. Qf4 Rxg8 34. Qxc4+ Qc6 0-1

[Event "Mercredi 2015.05.13 ABCD"]
[Site "Montreal"]
[Date "2015.05.13"]
[Round "1"]
[White "Gunapalan, David"]
[Black "Nardone, Raul"]
[Result "1-0"]
[WhiteElo "1815"]
[BlackElo "1775"]
[PlyCount "71"]
[EventDate "2015.05.13"]
[EventType "tourn"]
[EventRounds "5"]
[EventCountry "CAN"]
[SourceTitle "EXT 2019"]
[Source "ChessBase"]
[SourceDate "2018.10.10"]
[SourceVersion "1"]
[SourceVersionDate "2018.10.10"]
[SourceQuality "1"]

1. e4 c5 2. Nc3 a6 3. f4 Nc6 4. g3 b5 5. a3 Bb7 6. Bg2 e6 7. Nf3 Qb6 8. d3 Rc8 9. Be3 Nd4 10. Bxd4 cxd4 11. Ne2 b4 12. Nfxd4 bxa3 13. bxa3 Bc5 14. Nf3 Bf2+ 15. Kf1 Be3 16. Ne5 d5 17. c3 Nf6 18. Rb1 Qc7 19. Qb3 Ba8 20. Qa4+ Ke7 21. Bf3 Rhd8 22. Kg2 dxe4 23. dxe4 Rd2 24. Rhe1 Ba7 25. Kh3 Nd7 26. Nxd7 Rxd7 27. Qxa6 Rcd8 28. Rb4 Qc5 29. Rd4 Bb7 30. Qa4 Bc6 31. Rxd7+ Rxd7 32. Qb4 Rd3 33. Nd4 Ba8 34. Bg2 Rxc3 35. Qxc5+ Bxc5 36. Nb5 1-0

[Event "Montreal Varennes op"]
[Site "Montreal"]
[Date "2014.11.08"]
[Round "2"]
[White "Turcotte, Jonathan"]
[Black "Gunapalan, David"]
[Result "1-0"]
[WhiteElo "2142"]
[BlackElo "1900"]
[PlyCount "39"]
[EventDate "2014.11.07"]
[EventType "swiss"]
[EventRounds "5"]
[EventCountry "CAN"]
[SourceTitle "EXT 2022"]
[Source "ChessBase"]
[SourceDate "2021.10.06"]
[SourceVersion "1"]
[SourceVersionDate "2021.10.06"]
[SourceQuality "1"]

1. d4 d5 2. Nf3 c5 3. c4 e6 4. cxd5 exd5 5. Nc3 Nc6 6. g3 Nf6 7. Bg2 Be7 8. 0-0 0-0 9. Bg5 c4 10. Ne5 Be6 11. f4 Bf5 12. e3 Nb4 13. Qd2 h6 14. Bh4 Rc8 15. a3 Nd3 16. b3 b5 17. Nxb5 Qb6 18. bxc4 dxc4 19. Nc3 Rfd8 20. g4 1-0

[Event "Montreal Mercredi 10"]
[Site "Montreal"]
[Date "2014.10.29"]
[Round "3"]
[White "Nunez, Omar"]
[Black "Gunapalan, David"]
[Result "1-0"]
[WhiteElo "1975"]
[BlackElo "1900"]
[PlyCount "185"]
[EventDate "2014.10.15"]
[EventType "swiss"]
[EventRounds "5"]
[EventCountry "CAN"]
[SourceTitle "EXT 2022"]
[Source "ChessBase"]
[SourceDate "2021.10.06"]
[SourceVersion "1"]
[SourceVersionDate "2021.10.06"]
[SourceQuality "1"]

1. Nf3 d5 2. g3 c5 3. Bg2 Nc6 4. 0-0 e5 5. d3 f6 6. Nbd2 Be6 7. c4 Nge7 8. cxd5 Nxd5 9. Ne4 Qd7 10. Bd2 0-0-0 11. Rc1 b6 12. Qa4 Kb8 13. Rfe1 Be7 14. a3 Na5 15. Qxd7 Rxd7 16. Bxa5 bxa5 17. Nxc5 Bxc5 18. Rxc5 a4 19. Rec1 Rhd8 20. Nd2 Nb6 21. Kf1 Bd5 22. Bxd5 Rxd5 23. Rc7 R8d7 24. Rxd7 Rxd7 25. Ke1 Kb7 26. Nc4 g5 27. g4 Rd4 28. f3 Ka6 29. Ne3 h5 30. h3 hxg4 31. hxg4 Kb5 32. Kd2 Nd7 33. Nf5 Rd5 34. Rc7 Kb6 35. Rc4 Nc5 36. Rb4+ Kc7 37. Rc4 Kd7 38. Kc3 Ne6 39. Rxa4 a5 40. b4 Nf4 41. Rxa5 Rxa5 42. bxa5 Nxe2+ 43. Kd2 Nf4 44. Ke3 Nd5+ 45. Kd2 Kc6 46. Ne3 Nc7 47. a4 Ne6 48. Nf5 Nc5 49. Ne7+ Kd6 50. Nf5+ Kc6 51. Kc3 Nxa4+ 52. Kb4 Nb2 53. Kc3 Na4+ 54. Kb3 Nc5+ 55. Kc4 Ne6 56. d4 Nf4 57. dxe5 fxe5 58. Ne3 Kb7 59. Kb5 Ne6 60. a6+ Ka7 61. Nf1 Nc7+ 62. Kc5 Kxa6 63. Kd6 Kb7 64. Kxe5 Kc8 65. Ng3 Kd7 66. Ne4 Ne6 67. Kf6 Nc7 68. Nxg5 Ke8 69. Nh7 Nd5+ 70. Ke6 Nc7+ 71. Kf5 Kf7 72. Ng5+ Kg8 73. Ne6 Nd5 74. Ke5 Ne3 75. g5 Kf7 76. Nd4 Kg6 77. f4 Ng4+ 78. Ke4 Nf2+ 79. Kf3 Nh3 80. Kg4 Nf2+ 81. Kh4 Nd3 82. f5+ Kf7 83. Nf3 Ke7 84. Kh5 Nf4+ 85. Kg4 Nd5 86. Ne5 Ne3+ 87. Kf4 Nd5+ 88. Kf3 Kf8 89. f6 Nc7 90. Kg4 Ne6 91. g6 Kg8 92. Nd7 Nd8 93. Kf5 1-0

[Event "Montreal Mercredi 05"]
[Site "Montreal"]
[Date "2014.05.21"]
[Round "2"]
[White "Gunapalan, David"]
[Black "O'Connor, Michael"]
[Result "0-1"]
[WhiteElo "1871"]
[BlackElo "1853"]
[PlyCount "40"]
[EventDate "2014.05.14"]
[EventType "swiss"]
[EventRounds "5"]
[EventCountry "CAN"]
[SourceTitle "EXT 2022"]
[Source "ChessBase"]
[SourceDate "2021.10.06"]
[SourceVersion "1"]
[SourceVersionDate "2021.10.06"]
[SourceQuality "1"]

1. e4 c5 2. Nc3 Nc6 3. Bb5 g6 4. Bxc6 bxc6 5. f4 d6 6. Nf3 Bg7 7. d3 e6 8. 0-0 Ne7 9. Qe1 Rb8 10. g4 Bd7 11. f5 exf5 12. exf5 gxf5 13. Ng5 h6 14. gxf5 Bd4+ 15. Kh1 hxg5 16. Bxg5 f6 17. Ne4 fxg5 18. Nxd6+ Kf8 19. c3 Rxb2 20. Qg3 Rbxh2+ 0-1

[Event "Montreal Mercredi 02"]
[Site "Montreal"]
[Date "2014.02.26"]
[Round "2"]
[White "Gunapalan, David"]
[Black "Nardone, Raul"]
[Result "0-1"]
[WhiteElo "1834"]
[BlackElo "1876"]
[PlyCount "76"]
[EventDate "2014.02.19"]
[EventType "swiss"]
[EventRounds "5"]
[EventCountry "CAN"]
[SourceTitle "EXT 2022"]
[Source "ChessBase"]
[SourceDate "2021.10.06"]
[SourceVersion "1"]
[SourceVersionDate "2021.10.06"]
[SourceQuality "1"]

1. e4 c5 2. Nc3 a6 3. Bc4 e6 4. a3 b5 5. Ba2 Nc6 6. d3 Nf6 7. Bg5 Be7 8. f4 h6 9. Bxf6 Bxf6 10. e5 Be7 11. Nf3 d5 12. exd6 Qxd6 13. Qd2 Bb7 14. 0-0 Rd8 15. Ne4 Qc7 16. Qf2 Nd4 17. Ne5 Bxe4 18. dxe4 c4 19. Kh1 Bc5 20. Qg3 0-0 21. c3 Ne2 22. Qg4 Nxf4 23. Nxc4 Nd3 24. Nd2 Nf2+ 25. Rxf2 Bxf2 26. Nf3 Qd6 27. Bb3 Qb6 28. Rf1 Rd6 29. Qf4 Be3 30. Qg3 Qd8 31. Ne5 Qg5 32. Ng4 Bc5 33. h4 Qg6 34. Ba2 h5 35. e5 Rd3 36. Nf6+ gxf6 37. Qxg6+ fxg6 38. Bxe6+ Kg7 0-1

[Event "Montreal Mercredi 02"]
[Site "Montreal"]
[Date "2014.02.19"]
[Round "1"]
[White "Barko, Maxim"]
[Black "Gunapalan, David"]
[Result "0-1"]
[WhiteElo "1889"]
[BlackElo "1834"]
[PlyCount "84"]
[EventDate "2014.02.19"]
[EventType "swiss"]
[EventRounds "5"]
[EventCountry "CAN"]
[SourceTitle "EXT 2022"]
[Source "ChessBase"]
[SourceDate "2021.10.06"]
[SourceVersion "1"]
[SourceVersionDate "2021.10.06"]
[SourceQuality "1"]

1. d4 d5 2. Nf3 c5 3. e3 Nc6 4. b3 Nf6 5. Bb2 cxd4 6. exd4 Bf5 7. Nh4 Bg6 8. Nxg6 hxg6 9. Bd3 e6 10. Nd2 Qc7 11. Nf3 Bd6 12. g3 Ne4 13. Bxe4 dxe4 14. Ng5 Nb4 15. 0-0 f5 16. Nxe6 Qxc2 17. Qxc2 Nxc2 18. Rac1 Kf7 19. d5 Nb4 20. Ng5+ Ke7 21. Bxg7 Rhc8 22. Bd4 Nxd5 23. a4 a6 24. h4 Nb4 25. Bb6 Nd3 26. Rc4 Rxc4 27. bxc4 Rc8 28. f3 Bxg3 29. fxe4 f4 30. Nf3 Rxc4 31. Rd1 Nb2 32. Rd5 Nxa4 33. Bd4 Nc3 34. Bc5+ Ke8 35. Re5+ Kd8 36. Bb6+ Kd7 37. Rg5 Rxe4 38. Rxg6 Nd5 39. Rg7+ Kc6 40. Rg6+ Kb5 41. Bd4 Bxh4 42. Bh8 Bg3 0-1

[Event "Hart House Holiday op"]
[Site "Toronto"]
[Date "2009.12.18"]
[Round "1"]
[White "Armstrong, Robert J"]
[Black "Gunapalan, David"]
[Result "1/2-1/2"]
[WhiteElo "1776"]
[BlackElo "1938"]
[PlyCount "81"]
[EventDate "2009.12.18"]
[EventType "swiss"]
[EventRounds "5"]
[EventCountry "CAN"]
[SourceTitle "EXT 2011"]
[Source "ChessBase"]
[SourceDate "2010.11.26"]
[SourceVersion "1"]
[SourceVersionDate "2010.11.26"]
[SourceQuality "1"]

1. d4 d5 2. c4 e6 3. e3 c6 4. Nf3 Bd6 5. Bd3 f5 6. 0-0 Nf6 7. Nc3 Ne4 8. Ne5 0-0 9. f3 Nxc3 10. bxc3 Bxe5 11. dxe5 dxc4 12. Bxc4 Qa5 13. Qd6 Qxc3 14. Bxe6+ Bxe6 15. Qxe6+ Kh8 16. Qd6 Na6 17. Bd2 Qc5 18. Qxc5 Nxc5 19. Bb4 b6 20. Bxc5 bxc5 21. Rfc1 Rfe8 22. Rxc5 Rac8 23. Rac1 Re6 24. Rd1 Re7 25. Rd6 Rec7 26. e6 g6 27. Re5 Re7 28. Rc5 Rec7 29. e4 fxe4 30. fxe4 Kg8 31. h4 Kf8 32. g4 Ke7 33. e5 Rb7 34. a3 Rb3 35. Rd7+ Kxe6 36. Rxa7 Rg3+ 37. Kh2 Rxg4 38. Rxh7 Ra8 39. Rxc6+ Kxe5 40. Rc3 Raa4 41. Kh3 1/2-1/2

[Event "Montreal Pere Noel"]
[Site "Montreal"]
[Date "2007.12.26"]
[Round "1"]
[White "Gunapalan, David"]
[Black "Ye, Ling Feng"]
[Result "1/2-1/2"]
[WhiteElo "1918"]
[BlackElo "2251"]
[PlyCount "52"]
[EventDate "2007.12.27"]
[EventType "swiss"]
[EventRounds "5"]
[EventCountry "CAN"]
[SourceTitle "EXT 2022"]
[Source "ChessBase"]
[SourceDate "2021.10.06"]
[SourceVersion "1"]
[SourceVersionDate "2021.10.06"]
[SourceQuality "1"]

1. e4 c5 2. c3 Nf6 3. d3 Nc6 4. f4 d6 5. Nf3 g6 6. Be2 Bg7 7. 0-0 0-0 8. Qe1 e5 9. fxe5 dxe5 10. Bg5 c4 11. dxc4 Qb6+ 12. c5 Qxc5+ 13. Kh1 Nxe4 14. Nbd2 Nxg5 15. Nxg5 Qe7 16. Qg3 h6 17. Nxf7 Bf5 18. Rxf5 Kh7 19. Rf2 Rxf7 20. Rxf7 Qxf7 21. Rf1 Qxa2 22. Bd3 Ne7 23. Qh4 Qe6 24. Ne4 Qd7 25. Ng5+ Kh8 26. Nf7+ Kh7 1/2-1/2

[Event "Montreal op"]
[Site "Montreal"]
[Date "2005.07.17"]
[Round "4"]
[White "Pilotte, Benoit"]
[Black "Gunapalan, David"]
[Result "1-0"]
[WhiteElo "1795"]
[BlackElo "1980"]
[PlyCount "65"]
[EventDate "2005.07.15"]
[EventType "swiss"]
[EventRounds "9"]
[EventCountry "CAN"]
[SourceTitle "EXT 2007"]
[Source "ChessBase"]
[SourceDate "2006.11.23"]
[SourceVersion "1"]
[SourceVersionDate "2006.11.23"]
[SourceQuality "1"]

1. d4 Nf6 2. Bg5 c5 3. Bxf6 gxf6 4. d5 Qb6 5. Nd2 Qxb2 6. e3 Bg7 7. Bd3 d6 8. Ngf3 f5 9. Rb1 Qxa2 10. 0-0 Nd7 11. Rb3 Qa5 12. Nc4 Qc7 13. Bxf5 b5 14. Ncd2 a5 15. Ng5 h6 16. Nxf7 Kxf7 17. Qh5+ Kf8 18. Be6 Ne5 19. f4 Bxe6 20. fxe5+ Kg8 21. dxe6 d5 22. Rf5 Kh7 23. Nf3 Rhf8 24. Ng5+ Kg8 25. Qg6 Rxf5 26. Qh7+ Kf8 27. Qxf5+ Kg8 28. Qh7+ Kf8 29. Qg6 Kg8 30. e4 Qxe5 31. Qh7+ Kf8 32. Rf3+ Qf6 33. Rxf6+ 1-0

[Event "Mauricie op U2000"]
[Site "Trois Rivieres"]
[Date "2005.03.20"]
[Round "5"]
[White "Gunapalan, David"]
[Black "Benoit Deschamps, Jean Marc"]
[Result "1-0"]
[WhiteElo "1885"]
[BlackElo "1856"]
[PlyCount "53"]
[EventDate "2005.03.??"]
[EventType "swiss"]
[EventRounds "5"]
[EventCountry "CAN"]
[SourceTitle "EXT 2006"]
[Source "ChessBase"]
[SourceDate "2005.11.24"]
[SourceVersion "1"]
[SourceVersionDate "2005.11.24"]
[SourceQuality "1"]

1. e4 c5 2. Nf3 d6 3. d4 cxd4 4. Nxd4 Nf6 5. Nc3 g6 6. Be3 Bg7 7. f3 Nc6 8. Qd2 0-0 9. 0-0-0 d5 10. Kb1 Kh8 11. Nxc6 bxc6 12. exd5 cxd5 13. Nxd5 Nxd5 14. Qxd5 Qc7 15. Qc5 Qb7 16. Qa3 Be6 17. Bd4 a5 18. Bxg7+ Kxg7 19. Bd3 Rab8 20. Be4 Qc7 21. g4 Rfc8 22. h4 Rb4 23. h5 Qc4 24. h6+ Kg8 25. Qxa5 Rbb8 26. Rd2 Re8 27. Rhd1 1-0

[Event "Mauricie op U2000"]
[Site "Trois Rivieres"]
[Date "2005.03.20"]
[Round "4"]
[White "Lemire Paquin, Alexandre"]
[Black "Gunapalan, David"]
[Result "1/2-1/2"]
[WhiteElo "1965"]
[BlackElo "1885"]
[PlyCount "97"]
[EventDate "2005.03.??"]
[EventType "swiss"]
[EventRounds "5"]
[EventCountry "CAN"]
[SourceTitle "EXT 2006"]
[Source "ChessBase"]
[SourceDate "2005.11.24"]
[SourceVersion "1"]
[SourceVersionDate "2005.11.24"]
[SourceQuality "1"]

1. d4 Nf6 2. c4 g6 3. Nc3 d5 4. cxd5 Nxd5 5. e4 Nxc3 6. bxc3 c5 7. Nf3 Bg7 8. Be3 0-0 9. Rc1 cxd4 10. cxd4 Qa5+ 11. Qd2 Qxd2+ 12. Nxd2 e6 13. f4 Nc6 14. Nf3 Rd8 15. Rc4 Na5 16. Rc2 b6 17. Bd3 Bb7 18. Rc7 Rac8 19. Rxc8 Rxc8 20. Ke2 Nc4 21. Rc1 Nxe3 22. Rxc8+ Bxc8 23. Kxe3 Bb7 24. Ne5 Kf8 25. g4 Ke7 26. Bc4 f6 27. Nf3 Bh6 28. g5 fxg5 29. Nxg5 Bxg5 30. fxg5 Kd6 31. e5+ Ke7 32. h4 Kf7 33. Kd3 Ke7 34. Kc3 Kd7 35. Kb4 Bc6 36. Bd3 a5+ 37. Kc3 Bf3 38. Bc4 Bc6 39. Be2 Ke7 40. a3 Kd7 41. Kc4 Ke7 42. h5 gxh5 43. Bxh5 Kf8 44. Bd1 Kg7 45. Bg4 Kf7 46. Bh5+ Kg7 47. Bg4 Kf7 48. Bh5+ Kg7 49. Bg4 1/2-1/2